01658nam a2200385 a 4500001001000000003000500010005001700015008004100032010001100073011001100084040000900095090001000104100004300114245019100157260004100348500006000389502011200449590004100561590003700602590003900639590003900678650003300717650003200750650004500782650003600827700003800863856001600901856007000917901000700987942001000994942000601004999001901010952012401029952011901153000109077CHAP20220329144036.0140402s2013 mx | |sm |||||||spa|d a105539 a106511 cCHAP aTesis1 aBarreto Fuentes, Marco Antonio912616210aEvaluación de paquetes tecnologicos en la producción de maiz (Zea mayz L.) en Texcoco, Estado de Méxicoh[En línea]cpor Marco Antonio Barreto Fuentes y Alfonso Muñoz Alcalá. aChapingo, Méx. :bEl autor,c2013. aPara ver el contenido del material haga clic en la liga aTesis (Ing. Agr. Esp. en Suelos) -- UACH. Departamento de Enseñanza, Investigación y Servicio en Suelos aBATCH-UPDb05c20141002lUCH01h0859 aBATCHb00c20181121lUCH01h0758 aE792CSJb05c20140402lUCH01h0853 aE792CSJb05c20140402lUCH01h085314aMaízxProducción.97104114aMaízxRendimiento.97105114aMaízxTecnología postcosecha.97106914aMaízzMéxico (Edo.).9710991 aMuñoz Alcalá, Alfonso9126170 a1 n0000781 aFinding aiduhttp://10.13.5.2/tesis/sist109077.pdfzTeclea aquí aBK cTESIS n0 c105539d105539 00102local40718TESISaBCbBCd2014-04-02fTESISl0oTesisp33724002384371r2019-12-31 00:00:00tc.2w2014-04-02yCD 00102local40718TESISaBCbBCd2014-04-02fTESISl0oTesisp33724002384413r2019-12-31 00:00:00w2014-04-02yCD